Most Sacks - Statistics

General Stats
  • This quiz has been taken 2 times
  • The average score is 4 of 20
Answer Stats
Times Sacked Answer % Correct
575 Aaron Rodgers
100%
565 Tom Brady
100%
554 Ben Roethlisberger
50%
525 Brett Favre
50%
505 Matthew Stafford
50%
562 Russell Wilson
50%
432 Alex Smith
0%
494 Dave Krieg
0%
410 Donovan McNabb
0%
467 Drew Bledsoe
0%
420 Drew Brees
0%
411 Eli Manning
0%
516 John Elway
0%
488 Matt Ryan
0%
465 Philip Rivers
0%
477 Phil Simms
0%
484 Randall Cunningham
0%
415 Ryan Tannehill
0%
417 Vinny Testastaverde
0%
458 Warren Moon
0%
No matching quizzes found
Score Distribution
Percent of People with Each Score
Percentile by Number Answered
Your Score History
You have not taken this quiz